El desarrollo reciente del mercado de capitales en la Argentina (Registro nro. 16335)
[ vista simple ]
| 000 -LEADER | |
|---|---|
| fixed length control field | 00354 a2200109 4500 |
| 001 - CONTROL NUMBER | |
| control field | ART_3333 |
| 005 - DATE AND TIME OF LATEST TRANSACTION | |
| control field | 20260410161714.0 |
| 008 - FIXED-LENGTH DATA ELEMENTS--GENERAL INFORMATION | |
| fixed length control field | 260409a |
| 100 1# - MAIN ENTRY--PERSONAL NAME | |
| Personal name | Frenkel, Roberto |
| 245 10 - TITLE STATEMENT | |
| Title | El desarrollo reciente del mercado de capitales en la Argentina |
| 773 0# - HOST ITEM ENTRY | |
| Title | Desarrollo económico |
| Related parts | - Vol. 20, Nº 78 (jul./sep. 1980) |
| Record control number | REV1174 |
No hay ítems disponibles.